Recession speeds high street's decline (Record no. 82854)
[ view plain ]
| 000 -LEADER | |
|---|---|
| fixed length control field | 01037cab a22002055a 4500 |
| 001 - CONTROL NUMBER | |
| control field | L151798 |
| 008 - FIXED-LENGTH DATA ELEMENTS--GENERAL INFORMATION | |
| fixed length control field | 101213e2010 xxk 000 0 eng d |
| 035 ## - SYSTEM CONTROL NUMBER | |
| System control number | (Sirsi) u151798 |
| 041 0# - LANGUAGE CODE | |
| Language code of text/sound track or separate title | eng |
| 100 1# - MAIN ENTRY--PERSONAL NAME | |
| Personal name | Hopkinson, Matthew |
| 245 00 - TITLE STATEMENT | |
| Title | Recession speeds high street's decline |
| 260 ## - PUBLICATION, DISTRIBUTION, ETC. | |
| -- | 2010 |
| 490 #0 - SERIES STATEMENT | |
| Series statement | Property Week |
| Volume/sequential designation | 76(49) 10 December 2010, 40(1) |
| 520 ## - SUMMARY, ETC. | |
| Summary, etc. | Local Data Company's high street retail review shows that 14% of shops in 750 UK towns are empty. The last decade has seen a sea-change in shopping habits away from the high street. Uses Cross Street, Manchester as an example of the changes from comparison goods shops to service shops, food and drink. Graphics cover the increase in high street voids, high street competitor growth rates, and retail mix on UK's top 800 high streets. |
| 590 ## - LOCAL NOTE (RLIN) | |
| Local note | KA |
| 651 #4 - SUBJECT ADDED ENTRY--GEOGRAPHIC NAME | |
| Geographic name | United Kingdom |
| Chronological subdivision | |
| 690 ## - LOCAL SUBJECT ADDED ENTRY--TOPICAL TERM (OCLC, RLIN) | |
| Topical term or geographic name as entry element | PROPERTY-COMMERCIAL PROPERTY-COMMERCIAL PROPERTY MARKET |
| 690 ## - LOCAL SUBJECT ADDED ENTRY--TOPICAL TERM (OCLC, RLIN) | |
| Topical term or geographic name as entry element | PROPERTY-COMMERCIAL PROPERTY-COMMERCIAL PROPERTY FINANCE AND INVESTMENT |
| 942 ## - ADDED ENTRY ELEMENTS (KOHA) | |
| Suppress in OPAC | 0 |
| Withdrawn status | Lost status | Source of classification or shelving scheme | Damaged status | Not for loan | Home library | Current library | Shelving location | Date acquired | Total Checkouts | Full call number | Barcode | Date last seen | Copy number | Price effective from | Koha item type |
|---|---|---|---|---|---|---|---|---|---|---|---|---|---|---|---|
| Dewey Decimal Classification | London | London | Journal article | 13/12/2010 | L151798 | 151798-1001 | 06/08/2019 | 1 | 06/08/2019 | Journal article |